[Event "Cartago Region-ch 1st (Women)"]
[Site "Buga"]
[Date "2011.09.23"]
[Round "3.2"]
[White "Quintero Sanclemente, Nikol Vanessa"]
[Black "Sierra, Mayerly"]
[Result "0-1"]
[WhiteElo "1400"]
[BlackElo "1505"]
[PlyCount "96"]
[EventDate "2011.09.22"]
[EventType "swiss"]
[EventRounds "5"]
[EventCountry "COL"]
[SourceTitle "EXT 2024"]
[Source "ChessBase"]
[SourceDate "2023.10.10"]
[SourceVersion "1"]
[SourceVersionDate "2023.10.10"]
[SourceQuality "1"]
[WhiteTeam "Ginebra"]
[BlackTeam "El Cerrito"]
[WhiteTeamCountry "COL"]
[BlackTeamCountry "COL"]

1. e4 e5 2. Nf3 Nf6 3. Nc3 d6 4. Bc4 Nc6 5. a3 Bg4 6. h3 Bxf3 7. Qxf3 Nd4 8. Qd1 c6 9. d3 b5 10. Ba2 Be7 11. Be3 Ne6 12. Qd2 a6 13. 0-0-0 d5 14. Rde1 d4 15. Ne2 dxe3 16. Qxe3 0-0 17. Ng3 Ne8 18. Kb1 Bc5 19. Qf3 b4 20. Qg4 Nf6 21. Qf5 Qd6 22. Qf3 bxa3 23. Nf5 Qd7 24. Qg3 g6 25. Nh6+ Kg7 26. Ng4 Nxg4 27. Qxg4 Rab8 28. b3 Qd4 29. Kc1 Qb2+ 30. Kd2 Bb4+ 31. Ke3 Bxe1 32. Rxe1 Qxa2 33. Re2 Qb2 34. Kf3 Nd4+ 35. Ke3 Nxe2 36. Kxe2 Qxc2+ 37. Ke3 a2 38. Kf3 a1Q 39. Kg3 Qxd3+ 40. Kh4 Qad4 41. g3 Qd8+ 42. Qg5 Qxe4+ 43. g4 Qxg5+ 44. Kxg5 h6+ 45. Kh4 Qf4 46. f3 g5+ 47. Kh5 Qg3 48. b4 Qh4# 0-1

[Event "Cartago Region-ch 1st (Women)"]
[Site "Buga"]
[Date "2011.09.22"]
[Round "2.2"]
[White "Dominguez, Laura Lucia"]
[Black "Quintero Sanclemente, Nikol Vanessa"]
[Result "1-0"]
[WhiteElo "1949"]
[BlackElo "1400"]
[PlyCount "21"]
[EventDate "2011.09.22"]
[EventType "swiss"]
[EventRounds "5"]
[EventCountry "COL"]
[SourceTitle "EXT 2024"]
[Source "ChessBase"]
[SourceDate "2023.10.10"]
[SourceVersion "1"]
[SourceVersionDate "2023.10.10"]
[SourceQuality "1"]
[WhiteTeam "Palmira"]
[BlackTeam "Ginebra"]
[WhiteTeamCountry "COL"]
[BlackTeamCountry "COL"]

1. e4 e5 2. Nf3 Nc6 3. Bb5 a6 4. Ba4 Nf6 5. 0-0 b5 6. Bb3 Nxe4 7. Re1 Nc5 8. Nxe5 Nxe5 9. Rxe5+ Be7 10. Qe1 0-0 11. Rxe7 1-0